Normal view
MARC view
- Edited The college Divison Barron,s Educational Series
Entry Personal Name
001 - CONTROL NUMBER
- control field: 5464
003 - CONTROL NUMBER IDENTIFIER
- control field: JO-AjAnu
005 - DATE AND TIME OF LATEST TRANSACTION
- control field: 20230606071204.0
008 - FIXED-LENGTH DATA ELEMENTS
- fixed length control field: 230606|| aca||aabn | a|a d
040 ## - CATALOGING SOURCE
- Original cataloging agency: JO-AjAnu
- Transcribing agency: JO-AjAnu
100 ## - HEADING--PERSONAL NAME
- Personal name: Edited The college Divison Barron,s Educational Series
670 ## - SOURCE DATA FOUND
- Source citation: Work cat.: (JO-AjAnu)2822: Edited The college Divison Barron,s Educational Series, author, Barrons compact Guide to Colleges